Development of the Schwartz-bartter syndrome after the administration of chlorpropamide and 1-deamino-8-D-arginine vasopressin

Elmentve itt :
Bibliográfiai részletek
Szerzők: Valkusz Zsuzsanna
Laczi F.
László Ferenc
Dokumentumtípus: Cikk
Megjelent: 1982
Sorozat:ENDOKRINOLOGIE 79 No. 3
Tárgyszavak:
mtmt:2913233
Online Access:http://publicatio.bibl.u-szeged.hu/33570
LEADER 00771nab a2200217 i 4500
001 publ33570
005 20250528084957.0
008 250528s1982 hu o 000 eng d
022 |a 0013-7251 
024 7 |a 2913233  |2 mtmt 
040 |a SZTE Publicatio Repozitórium  |b hun 
041 |a eng 
100 1 |a Valkusz Zsuzsanna 
245 1 0 |a Development of the Schwartz-bartter syndrome after the administration of chlorpropamide and 1-deamino-8-D-arginine vasopressin  |h [elektronikus dokumentum] /  |c  Valkusz Zsuzsanna 
260 |c 1982 
300 |a 345-348 
490 0 |a ENDOKRINOLOGIE  |v 79 No. 3 
650 4 |a Klinikai orvostan 
700 0 1 |a Laczi F.  |e aut 
700 0 1 |a László Ferenc  |e aut 
856 4 0 |u http://publicatio.bibl.u-szeged.hu/33570/1/aok_klny_869_82.pdf  |z Dokumentum-elérés